| 000 | 00578nam a22001457a 4500 | ||
|---|---|---|---|
| 008 | 230615b |||||||| |||| 00| 0 eng d | ||
| 040 |
_aNational Science Library _cNational Science Library |
||
| 080 |
_a621.39.001.6(082.2) _bL2 |
||
| 245 |
_aProceedings of the symposium on telecommunication in India growth and gaps _c/ The Institution of Telecommunication Engineers, Calcutta 30-31, October 1971 |
||
| 260 |
_aNew Delhi: _bThe Institution of Telecommunication Engineers, _c1972 |
||
| 300 | _a83p. | ||
| 650 | _aTelecommunication | ||
| 653 | _aScience | ||
| 942 |
_2udc _cPR |
||
| 999 |
_c43795 _d43795 |
||